| 000 | 01080cam a22002772 4500 | ||
|---|---|---|---|
| 001 | 0000003393 | ||
| 005 | 20151217151924.0 | ||
| 008 | 070504s xx 000 0 eng d | ||
| 020 |
_a9966411089 : _cKES 100 |
||
| 040 |
_aKABU _cKABU |
||
| 050 | 0 |
_aK1401 _b.M84 |
|
| 100 | 1 |
_aMugabe, John. _@0000150354 |
|
| 245 | 1 | 0 |
_aIntellectual property protection and traditional knowledge : _ban exploration in international policy discourse / _cJohn Mugabe. |
| 260 |
_aNairobi : _bACTS Press, _c1999. |
||
| 300 |
_av, 30 p. ; _c21 cm. |
||
| 440 | 0 |
_aBiopolicy international series _vno. 21 ; _@0000153293 |
|
| 650 | 0 |
_aIntellectual property (International law) _@0000153291 |
|
| 650 | 0 |
_aCultural property _xProtection (International law) _@0000153294 |
|
| 650 | 0 |
_aIndigenous people _xLegal status, laws, etc. _@0000153295 |
|
| 908 | _a070504 | ||
| 950 | _@1 | ||
| 999 |
_c6389 _d6389 |
||